| 000 | 00924nam a2200253Ia 4500 | ||
|---|---|---|---|
| 008 | 130821s1995 sp gr spa | ||
| 020 | _a8487111645 | ||
| 040 |
_aCo-BoUCM _bspa |
||
| 041 | 0 | 0 | _aspa |
| 245 | 0 | 3 |
_aLa ilustración en América Colonial Bibliografía Crítica _cEditores Diana Soto Arango ; Miguel Angel Puig Samper ; Luis Carlos Arboleda |
| 260 |
_aMadrid (España) _bEdiciones Doce Calles _c1995 |
||
| 300 | _a233 páginas | ||
| 490 | _aCollecció Actas | ||
| 504 | _aIncluye índices | ||
| 650 | 0 | 4 |
_aHistoria _ySiglo XVIII _97695 |
| 650 | 0 | 4 |
_aIlustración _917169 |
| 650 | 0 | 4 |
_aIlustración _zAmérica _917169 |
| 651 |
_aAmérica _926749 |
||
| 651 |
_aAmérica _xHistoria _ySiglo XVIII _926749 |
||
| 700 |
_aColciencias _965049 |
||
| 700 |
_aConsejo Superior de Investigaciones Científicas. CSIC _9120509 |
||
| 942 |
_cLIBRO _a21 _e1 _mI58 _2DEWEY _h980.013 |
||
| 999 |
_c26168 _d26168 |
||